000 00864nam a2200253Ia 4500
003 OSt
005 20220925182543.0
006 a|||||r|||| 00| 0
007 ta
008 220923b |||||||| |||| 00| 0 eng d
020 _a0897895738
_c4107.8699999999999
037 _b3223, 05/03/2008, RAJKIRAN BOOK AGENCY
_cGeneral Book
040 _aRTL
_cRTL
_beng
041 _2eng
_aeng
082 _aY9(W6).2.N, N8
100 _aLEAF Murray J
245 0 _aParagmatism and development
_b The prospect for pluralist transformation in the third world
260 _aConnecticut
_bBergin and Garvey
_c1998
300 _axiv, 229p
_ccm.
500 _aBibliography P 215-222; Glossary P 209-213
650 _aGeography
942 _hY9(W6).2.N, N8
_cGB
_2CC
999 _c502478
_d502478